[Event "Titled Tuesday intern op 5th May"]
[Site "Chess.com INT"]
[Date "2020.05.05"]
[Round "9"]
[White "Covic, Filip"]
[Black "Duzhakov, Ilya"]
[Result "1/2-1/2"]
[WhiteElo "2367"]
[BlackElo "2399"]
[PlyCount "129"]
[EventDate "2020.05.05"]
[EventType "swiss (blitz)"]
[EventRounds "10"]
[EventCountry "USA"]
[SourceTitle "EXT 2021"]
[Source "ChessBase"]
[SourceDate "2020.10.23"]
[SourceVersion "1"]
[SourceVersionDate "2020.10.23"]
[SourceQuality "1"]

1. d4 Nf6 2. c4 d6 3. Nc3 e5 4. Nf3 Nbd7 5. g3 Be7 6. Bg2 0-0 7. 0-0 c6 8. e4 Qc7 9. Re1 h6 10. b3 Re8 11. Bb2 Nf8 12. Qd2 Ng6 13. Rad1 Be6 14. d5 Bd7 15. dxc6 bxc6 16. Ba3 c5 17. Nd5 Nxd5 18. Qxd5 Nf8 19. Bb2 Be6 20. Qd3 Qc8 21. Nd2 Ng6 22. Nb1 Rb8 23. Nc3 Nf8 24. Nd5 Bd8 25. f4 f6 26. f5 Bf7 27. g4 Nd7 28. Nc3 Be7 29. Nb5 Rb6 30. Bc3 a6 31. Na3 Nb8 32. h4 Nc6 33. Nc2 Nd4 34. Ne3 a5 35. Rb1 Qa6 36. Bxd4 cxd4 37. Nd5 Rb7 38. Nxe7+ Rexe7 39. Qg3 a4 40. g5 fxg5 41. hxg5 hxg5 42. Qxg5 Rec7 43. f6 g6 44. Qh6 Be8 45. Bh3 Rh7 46. Be6+ Bf7 47. Qxg6+ Kh8 48. Bxf7 Rbxf7 49. Re2 Qc8 50. Rh2 Qf8 51. Rxh7+ Rxh7 52. Kg2 axb3 53. axb3 Qf7 54. Qxf7 Rxf7 55. Rf1 Kh7 56. Kg3 Kg6 57. Kg4 Rxf6 58. Rxf6+ Kxf6 59. Kf3 Ke6 60. Ke2 Kd7 61. b4 Kc6 62. Kd3 Kb6 63. Kc2 Kc6 64. Kb3 Kb6 65. Kc2 1/2-1/2

[Event "Titled Tuesday intern op 5th May"]
[Site "Chess.com INT"]
[Date "2020.05.05"]
[Round "1"]
[White "Covic, Filip"]
[Black "Lazavik, Denis"]
[Result "0-1"]
[WhiteElo "2355"]
[BlackElo "2424"]
[PlyCount "94"]
[EventDate "2020.05.05"]
[EventType "swiss (blitz)"]
[EventRounds "10"]
[EventCountry "USA"]
[SourceTitle "EXT 2021"]
[Source "ChessBase"]
[SourceDate "2020.10.23"]
[SourceVersion "1"]
[SourceVersionDate "2020.10.23"]
[SourceQuality "1"]

1. d4 d5 2. c4 c6 3. Nc3 Nf6 4. Nf3 dxc4 5. a4 Bf5 6. Ne5 Nbd7 7. Nxc4 Qc7 8. e3 e5 9. Bd3 Bxd3 10. Qxd3 Bb4 11. 0-0 0-0 12. Bd2 exd4 13. exd4 a5 14. Rfe1 Rad8 15. Qf3 Rfe8 16. Bf4 Qc8 17. Nd6 Bxd6 18. Bxd6 Rxe1+ 19. Rxe1 Re8 20. Re3 Nb6 21. h3 Nbd5 22. Rxe8+ Qxe8 23. Be5 Qe6 24. Nxd5 Nxd5 25. Qb3 Qd7 26. Qc4 f6 27. Bg3 g6 28. Kh2 Kg7 29. Qc5 b6 30. Qc2 h5 31. Qe4 Qe7 32. Qxe7+ Nxe7 33. Bd6 Nd5 34. Kg3 Kf7 35. Kf3 Ke6 36. Bf4 Nxf4 37. Kxf4 Kd5 38. Ke3 b5 39. Kd3 bxa4 40. h4 c5 41. dxc5 Kxc5 42. Kc3 Kb5 43. g3 Kc5 44. f3 f5 45. f4 Kb5 46. Kd3 Kb4 47. Kc2 Kc4 0-1

[Event "Titled Tuesday intern op 21st April"]
[Site "Chess.com INT"]
[Date "2020.04.21"]
[Round "4"]
[White "Benkovic, Petar"]
[Black "Covic, Filip"]
[Result "1-0"]
[WhiteElo "2399"]
[BlackElo "2302"]
[PlyCount "106"]
[EventDate "2020.04.21"]
[EventType "swiss (blitz)"]
[EventRounds "10"]
[EventCountry "USA"]
[SourceTitle "EXT 2021"]
[Source "ChessBase"]
[SourceDate "2020.10.23"]
[SourceVersion "1"]
[SourceVersionDate "2020.10.23"]
[SourceQuality "1"]

1. Nf3 Nf6 2. c4 e6 3. Nc3 Bb4 4. Qc2 0-0 5. a3 Bxc3 6. Qxc3 b6 7. b4 a5 8. Bb2 d6 9. g3 Bb7 10. Bg2 Nbd7 11. 0-0 Qe7 12. b5 e5 13. d3 Nc5 14. e4 Na4 15. Qc2 Nxb2 16. Qxb2 Nd7 17. Nh4 Nc5 18. Nf5 Qf6 19. Rad1 Bc8 20. Ne3 Be6 21. f4 Qh6 22. Rf2 f6 23. Rdd2 Qh5 24. Qb1 Qf7 25. Qd1 Qd7 26. Bf3 Rae8 27. Bg4 Bxg4 28. Nxg4 Ne6 29. Ne3 Nd4 30. Nd5 Rf7 31. f5 Qd8 32. a4 Ref8 33. g4 g6 34. fxg6 hxg6 35. Rg2 g5 36. Rdf2 Ne6 37. h4 gxh4 38. Rf5 Rg7 39. Qe1 Rh7 40. Rh5 Ng5 41. Qf2 Kg7 42. Qf5 Rxh5 43. gxh5 Qe8 44. Nxc7 Qxh5 45. Ne6+ Kg8 46. Nxg5 fxg5 47. Rxg5+ Qxg5+ 48. Qxg5+ Kf7 49. Qh5+ Ke6 50. Qxh4 Rf6 51. Qh8 Rg6+ 52. Kf2 Rf6+ 53. Ke3 Rf7 1-0

[Event "Titled Tuesday intern op 21st April"]
[Site "Chess.com INT"]
[Date "2020.04.21"]
[Round "7"]
[White "Grabinsky, Vladimir"]
[Black "Covic, Filip"]
[Result "1-0"]
[WhiteElo "2219"]
[BlackElo "2287"]
[PlyCount "47"]
[EventDate "2020.04.21"]
[EventType "swiss (blitz)"]
[EventRounds "10"]
[EventCountry "USA"]
[SourceTitle "EXT 2021"]
[Source "ChessBase"]
[SourceDate "2020.10.23"]
[SourceVersion "1"]
[SourceVersionDate "2020.10.23"]
[SourceQuality "1"]

1. e4 c5 2. b4 cxb4 3. a3 d5 4. exd5 Nf6 5. axb4 Nxd5 6. b5 Bf5 7. Bb2 Nd7 8. Nf3 N7f6 9. Bc4 e6 10. 0-0 Be7 11. Nc3 0-0 12. Nxd5 Nxd5 13. d3 Bf6 14. Qc1 Nc3 15. Re1 Qb6 16. Ne5 Qd4 17. Ra3 Bxe5 18. Bxc3 Bxh2+ 19. Kxh2 Qxf2 20. Qg5 f6 21. Qg3 Qc5 22. Rb3 Rfe8 23. Bxf6 Bg6 24. Be5 1-0

[Event "Titled Tuesday intern op 14th April"]
[Site "Chess.com INT"]
[Date "2020.04.14"]
[Round "3"]
[White "Coe, William R"]
[Black "Covic, Filip"]
[Result "0-1"]
[WhiteElo "2078"]
[BlackElo "2307"]
[PlyCount "86"]
[EventDate "2020.04.14"]
[EventType "swiss (blitz)"]
[EventRounds "10"]
[EventCountry "USA"]
[SourceTitle "EXT 2021"]
[Source "ChessBase"]
[SourceDate "2020.10.23"]
[SourceVersion "1"]
[SourceVersionDate "2020.10.23"]
[SourceQuality "1"]

1. e4 c5 2. Nf3 Nc6 3. Bb5 g6 4. Bxc6 dxc6 5. d3 Bg7 6. 0-0 Qc7 7. Nc3 e5 8. Be3 b6 9. h3 Nf6 10. Qd2 h6 11. Nh2 Nh5 12. Ne2 g5 13. c3 Be6 14. Ng3 Nf4 15. Nf5 Bf6 16. Ng4 Be7 17. Ng7+ Kf8 18. Nxe6+ Nxe6 19. d4 exd4 20. cxd4 cxd4 21. Bxd4 Rd8 22. Rac1 Nxd4 23. Qe3 Qf4 24. Qxf4 gxf4 25. Rc4 c5 26. Kh2 f3 27. Kg3 fxg2 28. Kxg2 Rg8 29. Kh2 h5 30. Ne3 Nf3+ 31. Kh1 Nd2 32. Rcc1 Nxf1 33. Rxf1 Bf6 34. Nd5 Bxb2 35. h4 Rg4 36. Rd1 Rxe4 37. Nc3 Rxd1+ 38. Nxd1 Re1+ 39. Kg2 Rxd1 40. Kf3 Rd4 41. Ke3 Rxh4 42. Kd3 Rg4 43. a4 h4 0-1

[Event "Titled Tuesday intern op 14th April"]
[Site "Chess.com INT"]
[Date "2020.04.14"]
[Round "8"]
[White "Covic, Filip"]
[Black "Bouget, Alexandre"]
[Result "1-0"]
[WhiteElo "2326"]
[BlackElo "2238"]
[PlyCount "115"]
[EventDate "2020.04.14"]
[EventType "swiss (blitz)"]
[EventRounds "10"]
[EventCountry "USA"]
[SourceTitle "EXT 2021"]
[Source "ChessBase"]
[SourceDate "2020.10.23"]
[SourceVersion "1"]
[SourceVersionDate "2020.10.23"]
[SourceQuality "1"]

1. d4 d5 2. c4 c6 3. Nc3 Nf6 4. Nf3 g6 5. Bg5 Bg7 6. e3 0-0 7. Rc1 h6 8. Bh4 Re8 9. Bd3 dxc4 10. Bxc4 g5 11. Bg3 Bg4 12. Bxf7+ Kxf7 13. Ne5+ Kg8 14. Nxg4 Nxg4 15. Qxg4 Nd7 16. Qe6+ Kh8 17. h4 Nf8 18. Qg4 gxh4 19. Bxh4 Qd6 20. Bg5 e5 21. dxe5 Rxe5 22. Bf4 Qe6 23. Qxe6 Rxe6 24. Rd1 Kh7 25. g4 Ng6 26. Bg3 Ne5 27. Bxe5 Rxe5 28. Rd7 b6 29. Kd2 Rae8 30. Rxa7 Rd8+ 31. Kc2 b5 32. a3 Rc5 33. Rd1 Rf8 34. f4 Kg6 35. f5+ Kf6 36. Rd6+ Kg5 37. Rxg7+ Kh4 38. Rxh6+ Kg3 39. Rd6 Re8 40. Kd3 Rc4 41. f6 Kf3 42. f7 Rxe3+ 43. Kc2 Re2+ 44. Kb3 Rf4 45. Nxe2 Kxe2 46. g5 c5 47. Rf6 c4+ 48. Kb4 c3+ 49. Kxc3 b4+ 50. axb4 Re4 51. f8Q Re3+ 52. Kc4 Kd2 53. Rd6+ Kc2 54. Qf2+ Re2 55. Qxe2+ Kb1 56. Rd1+ Ka2 57. b3+ Ka3 58. Ra7# 1-0

[Event "Titled Tuesday intern op 14th April"]
[Site "Chess.com INT"]
[Date "2020.04.14"]
[Round "5"]
[White "Melian, Juan Sebastian"]
[Black "Covic, Filip"]
[Result "0-1"]
[WhiteElo "1950"]
[BlackElo "2306"]
[PlyCount "120"]
[EventDate "2020.04.14"]
[EventType "swiss (blitz)"]
[EventRounds "10"]
[EventCountry "USA"]
[SourceTitle "EXT 2021"]
[Source "ChessBase"]
[SourceDate "2020.10.23"]
[SourceVersion "1"]
[SourceVersionDate "2020.10.23"]
[SourceQuality "1"]

1. d4 Nf6 2. Nf3 e6 3. c3 b6 4. Bg5 Bb7 5. Nbd2 Be7 6. e3 c5 7. Bd3 0-0 8. 0-0 h6 9. Bh4 d6 10. Qe2 Nbd7 11. Rfe1 Rc8 12. a4 a5 13. Bg3 Nh5 14. Be4 Qc7 15. Bxb7 Qxb7 16. Bh4 Bxh4 17. Nxh4 Nhf6 18. Nhf3 Ne4 19. Nxe4 Qxe4 20. Nd2 Qc6 21. Qd3 Nf6 22. e4 cxd4 23. Qxd4 Rfd8 24. Qe3 Nd7 25. Nf3 Ne5 26. Nxe5 dxe5 27. Red1 Qc5 28. Kf1 Rxd1+ 29. Rxd1 Qc4+ 30. Qd3 Qxa4 31. Rd2 Qc6 32. Qg3 Qxe4 33. h3 Qb1+ 34. Ke2 Qe4+ 35. Kf1 Qf4 36. Qd3 Qc4 37. Qxc4 Rxc4 38. Rd8+ Kh7 39. Rd7 Kg6 40. Rb7 Rc6 41. Ke2 f5 42. Rd7 Kf6 43. Rd3 g5 44. Rd8 e4 45. f4 gxf4 46. Kf2 Rc5 47. Ke2 Rb5 48. b4 axb4 49. c4 Rc5 50. Rf8+ Ke5 51. Rb8 Rxc4 52. Rxb6 Rc2+ 53. Kd1 Rb2 54. Rb5+ Kd4 55. Rb8 Ke3 56. Rg8 Rf2 57. Kc1 Kd3 58. Kb1 b3 59. Rg6 Kc3 60. Rxe6 Rf1# 0-1

[Event "Titled Tuesday intern op 7th April"]
[Site "Chess.com INT"]
[Date "2020.04.07"]
[Round "9"]
[White "Cates, James Stephen"]
[Black "Covic, Filip"]
[Result "1/2-1/2"]
[WhiteElo "2117"]
[BlackElo "2325"]
[PlyCount "113"]
[EventDate "2020.04.07"]
[EventType "swiss (blitz)"]
[EventRounds "10"]
[EventCountry "USA"]
[SourceTitle "EXT 2021"]
[Source "ChessBase"]
[SourceDate "2020.10.23"]
[SourceVersion "1"]
[SourceVersionDate "2020.10.23"]
[SourceQuality "1"]

1. e4 c5 2. Nc3 Nc6 3. f4 g6 4. Nf3 Bg7 5. Bb5 Nd4 6. Nxd4 cxd4 7. Ne2 e6 8. 0-0 a6 9. Bd3 Ne7 10. Qe1 d5 11. e5 Nc6 12. a3 0-0 13. b3 f6 14. exf6 Qxf6 15. Bb2 Bd7 16. Qg3 Rae8 17. Rae1 Rf7 18. h4 Ref8 19. Qg5 Qxg5 20. hxg5 e5 21. fxe5 Bxe5 22. Rxf7 Rxf7 23. g3 Bg4 24. Nf4 Bxf4 25. gxf4 Rxf4 26. Re8+ Rf8 27. Rxf8+ Kxf8 28. b4 Bf5 29. b5 axb5 30. Bxb5 Bxc2 31. Bxc6 bxc6 32. Bxd4 Ke7 33. Kf2 Kd6 34. Ke3 c5 35. Bg7 d4+ 36. Ke2 Kd5 37. d3 Ba4 38. Kd2 Bb5 39. Bf8 Ba4 40. Be7 Bd7 41. Bf8 c4 42. dxc4+ Kxc4 43. Bg7 Ba4 44. Bf8 Kd5 45. Bg7 Ke4 46. Bf6 d3 47. Bd8 Bc2 48. Bf6 Bb3 49. Bd8 Bc2 50. Bf6 Kf5 51. Bd8 Kf4 52. Bf6 Kf5 53. Bd8 Ke6 54. Ke3 Kd5 55. Bf6 Ke6 56. Bd8 Kf5 57. Kd2 1/2-1/2

[Event "Titled Tuesday intern op 7th April"]
[Site "Chess.com INT"]
[Date "2020.04.07"]
[Round "2"]
[White "Covic, Filip"]
[Black "Zwirs, Nico"]
[Result "0-1"]
[WhiteElo "2342"]
[BlackElo "2453"]
[PlyCount "70"]
[EventDate "2020.04.07"]
[EventType "swiss (blitz)"]
[EventRounds "10"]
[EventCountry "USA"]
[SourceTitle "EXT 2021"]
[Source "ChessBase"]
[SourceDate "2020.10.23"]
[SourceVersion "1"]
[SourceVersionDate "2020.10.23"]
[SourceQuality "1"]

1. d4 d5 2. c4 e6 3. Nc3 Nf6 4. cxd5 exd5 5. Bg5 c6 6. e3 Bd6 7. Bd3 0-0 8. Nge2 Re8 9. Qc2 h6 10. Bf4 Bf8 11. h3 a5 12. 0-0 Na6 13. a3 Nc7 14. Rae1 Ne6 15. Bh2 b5 16. Nf4 Ng5 17. f3 Bd7 18. e4 Qb6 19. Qf2 dxe4 20. Nxe4 Nd5 21. Nxd5 cxd5 22. Nc5 Bxh3 23. f4 Ne6 24. Nxe6 Bxe6 25. f5 Bd7 26. f6 Qxf6 27. Qxf6 gxf6 28. Rxe8 Rxe8 29. Rxf6 Re6 30. Rf4 b4 31. Rg4+ Kh8 32. axb4 Re7 33. Rg3 axb4 34. Rf3 Bg7 35. Rf4 Re3 0-1

[Event "Titled Tuesday intern op 4th June"]
[Site "Chess.com INT"]
[Date "2019.06.04"]
[Round "7"]
[White "Fernandez Siles, Luis"]
[Black "Covic, Filip"]
[Result "0-1"]
[WhiteElo "2275"]
[BlackElo "2372"]
[PlyCount "74"]
[EventDate "2019.06.04"]
[EventType "swiss (blitz)"]
[EventRounds "10"]
[EventCountry "USA"]
[SourceTitle "EXT 2021"]
[Source "ChessBase"]
[SourceDate "2020.10.23"]
[SourceVersion "1"]
[SourceVersionDate "2020.10.23"]
[SourceQuality "1"]

1. e4 c5 2. Nf3 Nf6 3. e5 Nd5 4. c3 Nc6 5. d4 e6 6. Bc4 d6 7. 0-0 Be7 8. Qe2 cxd4 9. cxd4 0-0 10. Bd2 Qb6 11. Bc3 Nxc3 12. bxc3 dxe5 13. dxe5 Rd8 14. Nbd2 Qc7 15. Rfe1 Na5 16. Rad1 b6 17. Bd3 Bb7 18. Ne4 h6 19. Qe3 Nc4 20. Bxc4 Qxc4 21. Nd6 Bxd6 22. exd6 Rac8 23. Ne5 Qxc3 24. Qf4 f6 25. Ng6 e5 26. Ne7+ Kf7 27. Qg4 Rc4 28. Qh5+ Kf8 29. Ng6+ Kg8 30. Ne7+ Kh8 31. Qf7 Rg4 32. g3 Qf3 33. Nd5 Re4 34. d7 Rxe1+ 35. Rxe1 Bxd5 36. Kf1 Bxf7 37. Re3 Qd1+ 0-1